000 00347nam a22001457a 4500
003 SGT
020 _a9788184573312
082 _a362.KUM
100 _aKUMAR SUDIP
245 _aDRASTIBADHA OR AVASYAK KAUSHAL
260 _aNEW DELHI
_bKANISHKA
_c2014
300 _a98
650 _aSocial problems and services; associations
942 _2ddc
_cBK
999 _c26662
_d26662